Library Logo

Pioneer International University Library Catalogue

THE FRAGILE ALLIANCE/ (Record no. 9917)

MARC details
000 -LEADER
fixed length control field 00555nam a22001697a 4500
003 - CONTROL NUMBER IDENTIFIER
control field OSt
005 - DATE AND TIME OF LATEST TRANSACTION
control field 20260204074742.0
008 - FIXED-LENGTH DATA ELEMENTS--GENERAL INFORMATION
fixed length control field 260204b |||||||| |||| 00| 0 eng d
020 ## - INTERNATIONAL STANDARD BOOK NUMBER
International Standard Book Number 0882759825
040 ## - CATALOGING SOURCE
Transcribing agency Robert E. Krieger Publishing company
050 ## - LIBRARY OF CONGRESS CALL NUMBER
Classification number RJ 503 .M44 1980
Item number M44 1980
245 ## - TITLE STATEMENT
Title THE FRAGILE ALLIANCE/
Statement of responsibility, etc. Meeks, John .E
250 ## - EDITION STATEMENT
Edition statement 2nd edition
260 ## - PUBLICATION, DISTRIBUTION, ETC.
Place of publication, distribution, etc. Malabar,Florida:
Name of publisher, distributor, etc. Robert E.Krieger publishing company,
Date of publication, distribution, etc. 1980
300 ## - PHYSICAL DESCRIPTION
Extent viii,399 pages,
Other physical details ill.: some col, includes bibliographies and index.;
Dimensions 23.6 cm.
942 ## - ADDED ENTRY ELEMENTS (KOHA)
Source of classification or shelving scheme Library of Congress Classification
Koha item type Books
Suppress in OPAC No
Holdings
Withdrawn status Lost status Source of classification or shelving scheme Damaged status Not for loan Home library Current library Date acquired Total checkouts Full call number Barcode Date last seen Price effective from Koha item type
    Library of Congress Classification     PIU Library Main Library 02/04/2026   RJ 503 .M44 1980 PIUDL909 02/04/2026 02/04/2026 Books